Online
Catalog

Tu origen francés / (Record no. 14964)

MARC details
000 -CABECERA
campo de control de longitud fija 01772nam a2200265 a 4500
001 - NÚMERO DE CONTROL
campo de control 000015405
005 - FECHA Y HORA DE LA ÚLTIMA TRANSACCIÓN
campo de control 20200929164031.0
008 - DATOS DE LONGITUD FIJA--INFORMACIÓN GENERAL
campo de control de longitud fija 100208s2001 dr abc 001 0 spa d
040 ## - FUENTE DE LA CATALOGACIÓN
Centro catalogador/agencia de origen DO-SdBNP
Lengua de catalogación spa
Centro/agencia transcriptor BNPHU
082 ## - NÚMERO DE LA CLASIFICACIÓN DECIMAL DEWEY
Número de clasificación 929.2
Número de documento/Ítem J54o
100 1# - ENTRADA PRINCIPAL--NOMBRE DE PERSONA
Nombre de persona Jennings, Odile Nouel
Fechas asociadas al nombre 1932-
9 (RLIN) 34147
240 10 - TÍTULO UNIFORME
Título uniforme Your french side
Lenguaje de la obra Español
245 10 - MENCIÓN DE TÍTULO
Título Tu origen francés /
Mención de responsabilidad, etc. traducción Luis José Prieto Nouel.
260 ## - PUBLICACIÓN, DISTRIBUCIÓN, ETC.
Lugar de publicación, distribución, etc. Santo Domingo :
Nombre del editor, distribuidor, etc. Instituto Dominicano de Genealogía,
Fecha de publicación, distribución, etc. 2001.
300 ## - DESCRIPCIÓN FÍSICA
Extensión 236 p. :
Otras características físicas il., retrs., map. ;
Dimensiones 22 cm.
490 1# - MENCIÓN DE SERIE
Mención de serie Traducciones ;
Designación de volumen o secuencia 1
500 ## - NOTA GENERAL
Nota general Incluye datos biográficos del autor en la contracubierta
500 ## - NOTA GENERAL
Nota general Incluye índice onomástico
505 0# - NOTA DE CONTENIDO CON FORMATO
Nota de contenido con formato Dedicatoria -- Prólogo -- Introducción -- Los erizos de mar o cómo llegué yo a este país -- Memorias de mi madre Annik Dutertre Nouely de tía Simone -- La familia Dutertré -- Annik Dutertré Nouel -- La Primera Guerra Mundial, 1914-1918 -- Los tumultuosos años 20 -- Las familias Dutertre, Duval y Coger -- Mis abuelos maternos -- La familia Duval --Francis Duval --La familia coger -- Jean Dutertre, el corsario -- General Olivier Ribaud de la Raffiniere -- Los hijos del general -- Los orígenes de la familia Nouel -- Mis abuelos paternos, Paul y Madeleine Nouel -- Madeleine Leuret -- La familia Le Ferrón, de Bouvines a Bethesda -- Mi padre Bernard Nouel, 1897-1951 -- Los diez hermanos y hermanas de mi padre -- La relación con la República Dominicana -- Epílogo -- Tabla de fotos y diagramas índice de anexos.
600 14 - PUNTO DE ACCESO ADICIONAL DE MATERIA--NOMBRE DE PERSONA
Nombre de persona JENNINGS, ODILE NOUEL,
Fechas asociadas al nombre 1932
Subdivisión general FAMILIA
9 (RLIN) 34790
651 #4 - PUNTO DE ACCESO ADICIONAL DE MATERIA--NOMBRE GEOGRÁFICO
Nombre geográfico Francia
Subdivisión general Genealogía
9 (RLIN) 34791
700 1# - PUNTO DE ACCESO ADICIONAL--NOMBRE DE PERSONA
Nombre de persona Prieto Nouel , Luis José
Término indicativo de función/relación tr.
9 (RLIN) 34792
830 #0 - PUNTO DE ACCESO ADICIONAL DE SERIE-TÍTULO UNIFORME
Título uniforme Traducciones ;
Designación de volumen o secuencia 1
9 (RLIN) 34152
910 ## - DATOS DE OPCIÓN DEL USUARIO (OCLC)
Datos de opción del usuario Validado. Control de calidad MFF
Holdings
Estado de retiro Estado de pérdida No para préstamo Código de colección Localización permanente Ubicación/localización actual Ubicación en estantería Fecha de adquisición Número de inventario Total de préstamos Signatura topográfica completa Código de barras Fecha visto por última vez Precio válido a partir de Tipo de ítem Koha
    Excluido de préstamo Patrimonio Dominicano Patrimonio Dominicano Patrimonio Dominicano Depósito 08.02.2010 LF1   929.2 J54o 15405-10 25.06.2020 25.06.2020 Libro y Folleto Colección Patrimonio Dominicano

Powered by Koha